000 00551nam a22001817a 4500
999 _c9395
_d9395
008 210409b ||||| |||| 00| 0 eng d
040 _aBMS College of Architecture
100 _aM, K, Reshmi
245 _aWater sensitive urban design
300 _a254p.
500 _a1BM11AHD03
502 _8M.Arch
_NBMS College of Architecture, Visvesvaraya Technological University
_aDissertation
_d2013
650 _aUrban Design
700 _aShanthala V
_eGuide
700 _aGeorge Kuruvila
_eGuide
700 _aSudeept Maiti
_eGuide
942 _2ddc
_cPGTHE